000 00632nam a2200229 a 4500
008
020 _a8120323203 (pbk.)
090 _aQH541
100 1 _aRana, S. V.S.
245 1 0 _aEssentials of ecology and environmental science/
_cS.V.S Rana
260 _aNew Delhi :
_bPrentice-hall of India,
_c2003
300 _aEastern Economy ed.
500 _aIncludes index.
650 _aEcology.
650 1 _aEnvironmental Science.
907 _a.b10125292
_b07-06-04
_c07-06-04
003
005 20230123133730.0
040 _cNUST
049 _aMAIN
942 _cBOOKS
_kQH541
999 _c153687
_d153687